<?xml version="1.0" encoding="utf-8"?>
<?xml-stylesheet type='text/xsl' href='./oai2.xsl'?>
<OAI-PMH xmlns="http://www.openarchives.org/OAI/2.0/" xmlns:xsi="http://www.w3.org/2001/XMLSchema-instance" xsi:schemaLocation="http://www.openarchives.org/OAI/2.0/ http://www.openarchives.org/OAI/2.0/OAI-PMH.xsd">
  <responseDate>2026-06-04T21:27:07Z</responseDate>
  <request verb="GetRecord" metadataPrefix="marcxml" identifier="record_kuniweb_414848">https://kulturerbe.niedersachsen.de/oai</request>
  <GetRecord>
    <record>
      <header>
        <identifier>record_kuniweb_414848</identifier>
        <datestamp>2026-03-31T19:09:18Z</datestamp>
        <setSpec>slg0184</setSpec>
      </header>
      <metadata>
        <marc:record xmlns:marc="http://www.loc.gov/MARC21/slim" xsi:schemaLocation="http://www.loc.gov/MARC21/slim http://www.loc.gov/standards/marcxml/schema/MARC21slim.xsd">
          <marc:leader>12345nkm  22     uu 4500</marc:leader>
          <marc:controlfield tag="001">414848</marc:controlfield>
          <marc:controlfield tag="003">http://kuniweb.gbv.de</marc:controlfield>
          <marc:controlfield tag="005">2018-01-26T13:00:26</marc:controlfield>
          <marc:controlfield tag="008">|           ||||||||||||||||||||||</marc:controlfield>
          <marc:datafield tag="245" ind1="1" ind2="0">
            <marc:subfield code="a">Fries mit Putten</marc:subfield>
          </marc:datafield>
          <marc:datafield tag="720" ind1=" " ind2=" ">
            <marc:subfield code="a">Friedrich Barthel</marc:subfield>
          </marc:datafield>
          <marc:datafield tag="655" ind1=" " ind2="7">
            <marc:subfield code="a">Grafik</marc:subfield>
          </marc:datafield>
          <marc:datafield tag="046" ind1=" " ind2=" ">
            <marc:subfield code="k">1809</marc:subfield>
            <marc:subfield code="k">1809-1812</marc:subfield>
            <marc:subfield code="l">1812</marc:subfield>
          </marc:datafield>
          <marc:datafield tag="260" ind1=" " ind2=" ">
            <marc:subfield code="g">1809</marc:subfield>
            <marc:subfield code="g">1812</marc:subfield>
            <marc:subfield code="g">1809-1812</marc:subfield>
          </marc:datafield>
          <marc:datafield tag="300" ind1=" " ind2=" ">
            <marc:subfield code="a">Breite: 129,5 cm
Höhe: 31,6 cm</marc:subfield>
          </marc:datafield>
          <marc:datafield tag="520" ind1=" " ind2=" ">
            <marc:subfield code="a">Die Kohlezeichnung zeigt verschiedene Putten, die miteinander spielen. Das mittlere Paar sowie der Putto am rechten Bildrand halten Scheiben in den Händen, die Diskusringen ähnlich sind. Die zu einem vierteiligen Fries gehörende Zeichnung wurde in der Ausstellung über Peter Joseph Krahe im Städtischen Museum Braunschweig 1958 seiner Düsseldorfer Studienzeit bzw. der italienischen Reise (etwa 1775 bis 1786) zugeschrieben. Dorn führt die Zeichnung im Verzeichnis der "nichteigenhändigen Zeichnungen" von Peter Joseph Krahe an und ordnet sie Friedrich Barthel zu. Seiner Vermutung nach handelt es sich um Kartons für den Plafond im Billardzimmer des Grauen Hofes. (Lars Berg; Städtisches Museum Braunschweig)

Aufschrift:
ohne (Signatur)

Beschrieben in:
Peter Joseph Krahe. Zeichnungen, Studien, Ideenskizzen und Entwürfe. Ausstellung im Städtischen Museum Braunschweig vom 16. März bis 13. April 1958 [Arbeitsberichte aus dem Städtischen Museum Braunschweig; 9], Braunschweig 1958, [o. P.] S. 7, Kat. Nr. 1 (Vier Puttenfriese)

Beschrieben in:
R. Dorn, „Bauten und Projekte Peter Joseph Krahes im Königreich Westfalen und im Herzogtum Braunschweig 1808 - 1837 : Untersuchungen des zeichnerischen Nachlasses und beschreibender Katalog. Peter Joseph Krahe, Leben und Werk ; 3“. Dt. Kunstverl., München, 1997. (S. 243, Nr. 25-28)</marc:subfield>
          </marc:datafield>
          <marc:datafield tag="650" ind1="1" ind2=" ">
            <marc:subfield code="a">Putto</marc:subfield>
          </marc:datafield>
          <marc:datafield tag="650" ind1="1" ind2=" ">
            <marc:subfield code="a">Bildwerke/Bildende Kunst</marc:subfield>
          </marc:datafield>
          <marc:datafield tag="773" ind1="0" ind2=" ">
            <marc:subfield code="t">Sammlung Grafik</marc:subfield>
          </marc:datafield>
          <marc:datafield tag="852" ind1=" " ind2=" ">
            <marc:subfield code="a">Städtisches Museum Braunschweig</marc:subfield>
          </marc:datafield>
          <marc:datafield tag="852" ind1=" " ind2=" ">
            <marc:subfield code="a">Deutschland</marc:subfield>
          </marc:datafield>
          <marc:datafield tag="" ind1=" " ind2=" ">
            <marc:subfield code="a">Namensnennung - Nicht kommerziell - Keine Bearbeitungen 4.0 International (CC BY-NC-ND 4.0)</marc:subfield>
          </marc:datafield>
        </marc:record>
      </metadata>
    </record>
  </GetRecord>
</OAI-PMH>
